[Event "46th BAN National Premier Chess-ch 2021"]
[Site "Dhaka"]
[Date "2022.01.03"]
[Round "7.2"]
[White "Subrota, Biswas"]
[Black "Nayem, Haque"]
[Result "1/2-1/2"]
[WhiteElo "2199"]
[BlackElo "2091"]
[Annotator "ChessBase"]
[PlyCount "141"]
[EventDate "2021.12.27"]
[EventCountry "BAN"]
[SourceTitle "playchess.com"]
[Source "ChessBase"]
[SourceQuality "1"]
[TimeControl "40/5400+30:1800+30"]

1. a3 {[%emt 0:01:20]} d5 {[%emt 0:00:07]} 2. Nf3 {[%emt 0:00:02]} Nf6 {[%emt 0:00:06]} 3. e3 {[%emt 0:00:06]} e6 {[%emt 0:00:10]} 4. d4 {[%emt 0:00:43]} Be7 {[%emt 0:00:02]} 5. Nbd2 {[%emt 0:00:04]} O-O {[%emt 0:01:42]} 6. c4 {[%emt 0:00:27]} b6 {[%emt 0:00:02]} 7. cxd5 {[%emt 0:00:01]} exd5 {[%emt 1:31:51]} 8. Bd3 {[%emt 0:01:22]} Bb7 {[%emt 0:00:30]} 9. Qc2 {[%emt 0:00:10]} Nbd7 {[%emt 0:00:00]} 10. Ne5 {[%emt 0:00:44]} c5 {[%emt 0:00:00]} 11. f4 {[%emt 1:31:01]} cxd4 {[%emt 0:00:00]} 12. exd4 {[%emt 0:00:00]} Rc8 {[%emt 0:00:00]} 13. Qa4 {[%emt 0:00:00]} Nxe5 {[%emt 0:02:30]} 14. fxe5 {[%emt 0:01:30]} Ne4 {[%emt 0:00:30]} 15. Nf3 {[%emt 0:00:00]} Bc6 {[%emt 0:00:00]} 16. Qd1 {[%emt 0:01:00]} Qd7 {[%emt 0:00:00]} 17. Qe2 {[%emt 0:00:00]} f5 {[%emt 0:01:30]} 18. exf6 {[%emt 0:01:00]} Bxf6 {[%emt 0:00:30]} 19. O-O {[%emt 0:00:00]} Rce8 {[%emt 0:00:00]} 20. Qc2 {[%emt 0:00:00]} Ba4 {[%emt 0:01:00]} 21. b3 {[%emt 0:01:30]} Bb5 {[%emt 0:00:00]} 22. Bb2 {[%emt 0:00:30]} Rc8 {[%emt 0:00:00]} 23. Qe2 {[%emt 0:00:00]} Bxd3 {[%emt 0:00:00]} 24. Qxd3 {[%emt 0:01:00]} Qc7 {[%emt 0:02:00]} 25. Rac1 {[%emt 0:00:30]} Qf4 {[%emt 0:00:30]} 26. Rce1 {[%emt 0:00:30]} Qc7 {[%emt 0:00:00]} 27. Re2 {[%emt 0:00:00]} Rfd8 {[%emt 0:01:00]} 28. g3 {[%emt 0:01:00]} a5 {[%emt 0:00:30]} 29. Rc1 {[%emt 0:00:00]} Qb7 {[%emt 0:00:00]} 30. Rec2 {[%emt 0:00:00]} Rxc2 {[%emt 0:00:00]} 31. Qxc2 {[%emt 0:00:00]} Bg5 {[%emt 0:01:30]} 32. Qc7 {[%emt 0:00:00]} Qxc7 {[%emt 0:00:00]} 33. Rxc7 {[%emt 0:00:00]} Be3+ {[%emt 0:00:00]} 34. Kf1 {[%emt 0:00:00]} Bh6 {[%emt 0:00:00]} 35. Bc1 {[%emt 0:00:00]} Bxc1 {[%emt 0:00:00]} 36. Rxc1 {[%emt 0:00:00]} h6 {[%emt 0:02:30]} 37. Ke2 {[%emt 0:04:30]} Re8 {[%emt 0:00:00]} 38. Ne5 {[%emt 0:00:00]} Rf8 {[%emt 0:00:00]} 39. Ke3 {[%emt 0:00:00]} Rf2 {[%emt 0:01:30]} 40. Rc8+ {[%emt 0:00:00]} Kh7 {[%emt 0:00:00]} 41. Rd8 {[%emt 0:00:00]} Rb2 {[%emt 0:00:00]} 42. Rxd5 {[%emt 0:00:00]} Nc3 {[%emt 0:00:00]} 43. Rd8 {[%emt 0:00:00]} Rxb3 {[%emt 0:00:00]} 44. Kf4 {[%emt 0:00:00]} Ne2+ {[%emt 0:11:32]} 45. Ke4 {[%emt 0:00:00]} Rxa3 {[%emt 0:01:20]} 46. d5 {[%emt 0:00:00]} Ra4+ {[%emt 0:00:46]} 47. Kd3 {[%emt 0:00:00]} Nc1+ {[%emt 0:03:13]} 48. Kc2 {[%emt 0:00:00]} Re4 {[%emt 0:04:41]} 49. Nd7 {[%emt 0:00:00]} Rc4+ {[%emt 0:01:11]} 50. Kd2 {[%emt 0:00:00]} Nb3+ {[%emt 0:12:47]} 51. Kd3 {[%emt 0:00:00]} b5 {[%emt 0:00:00]} 52. Rb8 {[%emt 0:00:00]} Nc5+ {[%emt 0:00:00]} 53. Nxc5 {[%emt 0:00:00]} Rxc5 {[%emt 0:00:00]} 54. Kd4 {[%emt 0:00:00]} Rc4+ {[%emt 0:00:00]} 55. Ke5 {[%emt 0:00:00]} Rc2 {[%emt 0:00:00]} 56. d6 {[%emt 0:00:00]} Re2+ {[%emt 0:00:00]} 57. Kf5 {[%emt 0:00:00]} Rd2 {[%emt 0:00:00]} 58. Ke6 {[%emt 0:00:00]} Re2+ {[%emt 0:00:00]} 59. Kf7 {[%emt 0:00:00]} Rf2+ {[%emt 0:00:00]} 60. Ke7 {[%emt 0:00:00]} Re2+ {[%emt 0:00:00]} 61. Kd8 {[%emt 0:00:00]} a4 {[%emt 0:00:00]} 62. d7 {[%emt 0:00:00]} b4 {[%emt 0:01:41]} 63. Rxb4 {[%emt 0:13:09]} a3 {[%emt 0:00:10]} 64. Rd4 {[%emt 0:00:28]} a2 {[%emt 0:00:55]} 65. Rd1 {[%emt 0:00:11]} Rd2 {[%emt 0:00:41]} 66. Rxd2 {[%emt 0:30:42]} a1=Q {[%emt 0:00:06]} 67. Rd6 {[%emt 0:00:00]} Qa5+ {[%emt 0:00:57]} 68. Ke7 {[%emt 0:01:00]} Qg5+ {[%emt 0:00:14]} 69. Kf7 {[%emt 0:00:00]} Qf5+ {[%emt 0:00:26]} 70. Ke7 {[%emt 0:00:00]} Qg5+ {[%emt 0:00:07]} 71. Kf7 {[%emt 0:00:00]} 1/2-1/2

[Event "46th BAN National Premier Chess-ch 2021"]
[Site "Dhaka"]
[Date "2022.01.03"]
[Round "7.3"]
[White "Zia, Tahsin Tajwar"]
[Black "Mohammad, Minhaz Uddin"]
[Result "1/2-1/2"]
[WhiteElo "2232"]
[BlackElo "2259"]
[Annotator "TA"]
[PlyCount "54"]
[EventDate "2021.12.27"]
[EventCountry "BAN"]
[SourceTitle "playchess.com"]
[Source "ChessBase"]
[SourceQuality "1"]

{[%evp 19,54,26,34,26,28,27,37,21,26,18,28,23,23,22,16,10,12,15,20,2,25,11,39,8,22,2,19,4,4,-16,-7,-36,0,-2,0,0,11]} 1. d4 Nf6 2. c4 e6 3. g3 Bb4+ 4. Bd2 Qe7 5. Bg2 O-O 6. Nc3 d6 7. Nf3 Bxc3 8. Bxc3 {[%cal Bd2c3,Bc3e1,Be1f2,Bf2d4][%mdl 32]} Ne4 9. Qc2 f5 10. O-O Nd7 11. Be1 {[#] A90: Dutch Defence: Miscellaneous and Modern Stonewall (with ...Bd6).} e5 $146 ({Predecessor:} 11... Ndf6 12. Nd2 e5 13. Nxe4 Nxe4 14. Rd1 exd4 15. Rxd4 Re8 16. Bd2 Nxd2 17. Rxd2 Rb8 18. Rfd1 Be6 {1-0 (52) Robertson-Cable,C England 1980}) 12. dxe5 Nxe5 13. Nxe5 {White is slightly better.} (13. Nd4 {feels hotter.} g6 14. Rc1 Re8 15. f3 Nc5 16. b3) 13... Qxe5 14. Rc1 (14. f3 {with more complications.} Nc5 15. b4 Ne6 16. Rd1 f4 17. e4) 14... Qe7 15. f3 Nf6 16. Bf2 b6 {Prevents c5.} 17. Rfe1 Be6 18. Bd4 Rae8 {[%cal Ba8e8,Be8e7,Be7e6][%mdl 32]} 19. b3 Bd7 {[%cal Be6d7,Bd7c6,Bc6g2][%mdl 32]} 20. e3 Qf7 21. Re2 Qh5 22. Rf1 Re7 23. Qd3 Bc6 24. Ref2 Nd7 25. Qd1 Re6 26. g4 Qh4 {aiming for ...Rh6.} 27. f4 Bxg2 {An even fight not without its subleties.  Weighted Error Value: White=0.10 (very precise) /Black=0.08 (flawless)} 1/2-1/2

[Event "46th BAN National Premier Chess-ch 2021"]
[Site "Dhaka"]
[Date "2022.01.03"]
[Round "7.4"]
[White "Islam, Khandaker Aminul"]
[Black "Md., Sharif Hossain"]
[Result "1-0"]
[WhiteElo "2155"]
[BlackElo "2211"]
[Annotator "ChessBase"]
[PlyCount "161"]
[EventDate "2021.12.27"]
[EventCountry "BAN"]
[SourceTitle "playchess.com"]
[Source "ChessBase"]
[SourceQuality "1"]
[TimeControl "40/5400+30:1800+30"]

1. d4 {[%emt 0:00:04]} d5 {[%emt 0:00:23]} 2. c4 {[%emt 0:00:05]} e6 {[%emt 0:00:14]} 3. Nc3 {[%emt 0:00:03]} Nf6 {[%emt 0:00:10]} 4. Nf3 {[%emt 0:00:59]} Nbd7 {[%emt 0:01:10]} 5. cxd5 {[%emt 0:01:43]} exd5 {[%emt 0:00:06]} 6. Bg5 {[%emt 0:00:10]} Be7 {[%emt 0:01:02]} 7. e3 {[%emt 0:00:06]} O-O {[%emt 0:00:16]} 8. Qc2 {[%emt 0:00:35]} Re8 {[%emt 0:01:42]} 9. Bd3 {[%emt 0:00:42]} h6 {[%emt 0:02:52]} 10. Bf4 {[%emt 0:00:46]} a6 {[%emt 1:27:35]} 11. O-O {[%emt 0:02:02]} Bd6 {[%emt 0:00:00]} 12. Bxd6 {[%emt 0:00:14]} cxd6 {[%emt 0:00:00]} 13. Qb3 {[%emt 1:29:31]} Nb6 {[%emt 0:00:00]} 14. a4 {[%emt 0:00:00]} Be6 {[%emt 0:02:00]} 15. Rfc1 {[%emt 0:00:00]} Nc4 {[%emt 0:00:00]} 16. Rc2 {[%emt 0:00:00]} Re7 {[%emt 0:01:00]} 17. Qa2 {[%emt 0:02:00]} Na5 {[%emt 0:00:30]} 18. Nd2 {[%emt 0:00:00]} Rc8 {[%emt 0:00:30]} 19. Rac1 {[%emt 0:00:00]} Rec7 {[%emt 0:00:00]} 20. b4 {[%emt 0:00:00]} Nc4 {[%emt 0:00:00]} 21. Nf1 {[%emt 0:00:00]} b6 {[%emt 0:00:00]} 22. Ne2 {[%emt 0:00:00]} Qd7 {[%emt 0:00:00]} 23. Nf4 {[%emt 0:00:00]} b5 {[%emt 0:00:00]} 24. Ra1 {[%emt 0:00:00]} Bf5 {[%emt 0:00:00]} 25. Bxf5 {[%emt 0:00:00]} Qxf5 {[%emt 0:00:00]} 26. Ng3 {[%emt 0:00:00]} Qh7 {[%emt 0:00:00]} 27. Rcc1 {[%emt 0:00:00]} g5 {[%emt 0:00:00]} 28. Ngh5 {[%emt 0:00:00]} Nxh5 {[%emt 0:00:00]} 29. Nxh5 {[%emt 0:00:00]} Qg6 {[%emt 0:00:00]} 30. Ng3 {[%emt 0:00:00]} h5 {[%emt 0:00:00]} 31. axb5 {[%emt 0:00:00]} axb5 {[%emt 0:00:00]} 32. Nf1 {[%emt 0:00:00]} g4 {[%emt 0:00:00]} 33. Qe2 {[%emt 0:00:00]} h4 {[%emt 0:00:00]} 34. Re1 {[%emt 0:00:00]} f5 {[%emt 0:01:21]} 35. Kh1 {[%emt 0:00:00]} Re7 {[%emt 0:01:14]} 36. Qa2 {[%emt 0:01:00]} Rb8 {[%emt 0:01:04]} 37. Qb1 {[%emt 0:03:12]} Qe6 {[%emt 0:01:25]} 38. Qd3 {[%emt 0:01:56]} Kg7 {[%emt 0:01:20]} 39. f3 {[%emt 0:00:35]} Rbe8 {[%emt 0:01:52]} 40. Ra2 {[%emt 0:00:00]} f4 {[%emt 0:00:00]} 41. fxg4 {[%emt 0:06:24]} fxe3 {[%emt 0:02:38]} 42. h3 {[%emt 0:00:34]} Qe4 {[%emt 0:01:23]} 43. Qc3 {[%emt 0:01:34]} Qf4 {[%emt 0:14:42]} 44. Rae2 {[%emt 0:04:18]} Re4 {[%emt 0:00:30]} 45. Nh2 {[%emt 0:09:58]} Qf6 {[%emt 0:05:16]} 46. Nf3 {[%emt 0:05:47]} Rf4 {[%emt 0:06:05]} 47. Rxe3 {[%emt 0:00:12]} Rxe3 {[%emt 0:01:09]} 48. Rxe3 {[%emt 0:00:02]} Nxe3 {[%emt 0:00:16]} 49. Qxe3 {[%emt 0:00:01]} Re4 {[%emt 0:00:19]} 50. Qd3 {[%emt 0:02:12]} Re7 {[%emt 0:01:32]} 51. Qxb5 {[%emt 0:01:12]} Ra7 {[%emt 0:00:46]} 52. Qf1 {[%emt 0:01:08]} Qf4 {[%emt 0:01:18]} 53. Qe1 {[%emt 0:04:56]} Rc7 {[%emt 0:01:06]} 54. Ng1 {[%emt 0:01:17]} Qg3 {[%emt 0:01:41]} 55. Qd2 {[%emt 0:00:32]} Kg6 {[%emt 0:00:49]} 56. Nf3 {[%emt 0:00:12]} Ra7 {[%emt 0:00:15]} 57. Qg5+ {[%emt 0:00:40]} Kf7 {[%emt 0:00:30]} 58. Qxd5+ {[%emt 0:00:10]} Ke7 {[%emt 0:00:47]} 59. Qg5+ {[%emt 0:00:39]} Kf7 {[%emt 0:00:19]} 60. Qf5+ {[%emt 0:00:28]} Ke8 {[%emt 0:00:43]} 61. Qh5+ {[%emt 0:00:29]} Kd8 {[%emt 0:00:25]} 62. Qxh4+ {[%emt 0:00:32]} Qxh4 {[%emt 0:00:01]} 63. Nxh4 {[%emt 0:00:02]} Rb7 {[%emt 0:00:20]} 64. Nf5 {[%emt 0:00:04]} Kd7 {[%emt 0:00:17]} 65. Kh2 {[%emt 0:00:33]} Rxb4 {[%emt 0:00:21]} 66. Kg3 {[%emt 0:00:04]} Ke6 {[%emt 0:00:13]} 67. Kf4 {[%emt 0:01:17]} Rb8 {[%emt 0:00:36]} 68. h4 {[%emt 0:00:10]} d5 {[%emt 0:00:53]} 69. g5 {[%emt 0:01:09]} Rb2 {[%emt 0:00:21]} 70. g4 {[%emt 0:00:16]} Rf2+ {[%emt 0:00:56]} 71. Ke3 {[%emt 0:00:15]} Rf1 {[%emt 0:00:56]} 72. h5 {[%emt 0:00:27]} Rg1 {[%emt 0:00:43]} 73. Kf3 {[%emt 0:00:06]} Kf7 {[%emt 0:00:15]} 74. g6+ {[%emt 0:00:33]} Kf6 {[%emt 0:00:33]} 75. g7 {[%emt 0:00:21]} Kf7 {[%emt 0:00:17]} 76. h6 {[%emt 0:00:07]} Rh1 {[%emt 0:00:35]} 77. g5 {[%emt 0:00:16]} Rf1+ {[%emt 0:00:22]} 78. Kg4 {[%emt 0:00:12]} Rg1+ {[%emt 0:00:29]} 79. Kf4 {[%emt 0:00:42]} Re1 {[%emt 0:00:19]} 80. g6+ {[%emt 0:00:08]} Kg8 {[%emt 0:00:22]} 81. h7# {[%emt 0:00:03]} 1-0

[Event "46th BAN National Premier Chess-ch 2021"]
[Site "Dhaka"]
[Date "2022.01.03"]
[Round "7.5"]
[White "Chatterjee, Debaraj"]
[Black "Rahman, Ziaur"]
[Result "0-1"]
[WhiteElo "2204"]
[BlackElo "2413"]
[Annotator "ChessBase"]
[PlyCount "89"]
[EventDate "2021.12.27"]
[EventCountry "BAN"]
[SourceTitle "playchess.com"]
[Source "ChessBase"]
[SourceQuality "1"]
[TimeControl "40/5400+30:1800+30"]

1. d4 {[%emt 0:05:23]} d6 {[%emt 1:31:00]} 2. Nf3 {[%emt 0:00:48]} Nf6 {[%emt 0:00:30]} 3. c4 {[%emt 0:00:20]} g6 {[%emt 0:00:00]} 4. Nc3 {[%emt 0:00:08]} Bg7 {[%emt 0:00:00]} 5. e4 {[%emt 0:00:14]} O-O {[%emt 0:00:00]} 6. Be2 {[%emt 0:00:07]} e5 {[%emt 0:00:00]} 7. O-O {[%emt 0:00:22]} Bg4 {[%emt 0:02:30]} 8. d5 {[%emt 1:27:08]} Na6 {[%emt 0:00:30]} 9. Ne1 {[%emt 0:00:30]} Bxe2 {[%emt 0:00:00]} 10. Qxe2 {[%emt 0:00:00]} Nd7 {[%emt 0:00:00]} 11. Nd3 {[%emt 0:00:00]} f5 {[%emt 0:01:30]} 12. f3 {[%emt 0:01:30]} Rf7 {[%emt 0:00:30]} 13. Be3 {[%emt 0:00:30]} f4 {[%emt 0:00:30]} 14. Bf2 {[%emt 0:00:30]} h5 {[%emt 0:00:00]} 15. b4 {[%emt 0:00:00]} Bf8 {[%emt 0:01:00]} 16. Na4 {[%emt 0:01:00]} c5 {[%emt 0:00:30]} 17. dxc6 {[%emt 0:00:00]} bxc6 {[%emt 0:00:30]} 18. Nc3 {[%emt 0:00:00]} Nc7 {[%emt 0:00:30]} 19. b5 {[%emt 0:00:00]} c5 {[%emt 0:00:30]} 20. a4 {[%emt 0:02:00]} g5 {[%emt 0:00:00]} 21. a5 {[%emt 0:00:00]} Rg7 {[%emt 0:00:00]} 22. Kh1 {[%emt 0:00:00]} g4 {[%emt 0:00:00]} 23. Bg1 {[%emt 0:00:00]} Be7 {[%emt 0:00:00]} 24. Nf2 {[%emt 0:00:00]} Bh4 {[%emt 0:00:00]} 25. fxg4 {[%emt 0:00:00]} Ne6 {[%emt 0:00:00]} 26. g5 {[%emt 0:00:00]} Bxf2 {[%emt 0:00:00]} 27. Qxf2 {[%emt 0:00:00]} Qxg5 {[%emt 0:00:00]} 28. Nd5 {[%emt 0:00:00]} Nf6 {[%emt 0:00:00]} 29. Nxf6+ {[%emt 0:00:00]} Qxf6 {[%emt 0:00:00]} 30. Rad1 {[%emt 0:00:00]} Rd8 {[%emt 0:00:00]} 31. Rd3 {[%emt 0:00:19]} Kh7 {[%emt 0:00:00]} 32. Rh3 {[%emt 0:02:29]} Rg5 {[%emt 0:00:00]} 33. Qf3 {[%emt 0:00:37]} Qg6 {[%emt 0:00:00]} 34. Rd1 {[%emt 0:00:29]} Kg7 {[%emt 0:00:00]} 35. b6 {[%emt 0:00:14]} axb6 {[%emt 0:00:00]} 36. axb6 {[%emt 0:00:01]} Rg4 {[%emt 0:00:00]} 37. Qe2 {[%emt 0:02:23]} Ng5 {[%emt 0:00:00]} 38. Rb3 {[%emt 0:01:15]} Qxe4 {[%emt 0:00:00]} 39. Qxe4 {[%emt 0:00:09]} Nxe4 {[%emt 0:00:00]} 40. b7 {[%emt 0:00:00]} Rb8 {[%emt 0:00:00]} 41. Rb6 {[%emt 0:11:55]} Kf6 {[%emt 0:00:00]} 42. Rb2 {[%emt 0:21:09]} Rg7 {[%emt 0:00:00]} 43. Re1 {[%emt 0:00:00]} Kf5 {[%emt 0:00:00]} 44. Reb1 {[%emt 0:00:00]} Rd7 {[%emt 0:00:00]} 45. Ra1 {[%emt 0:00:00]} 0-1

[Event "46th BAN National Premier Chess-ch 2021"]
[Site "Dhaka"]
[Date "2022.01.03"]
[Round "7.6"]
[White "Hossain, Enamul"]
[Black "Murshed, Niaz"]
[Result "1/2-1/2"]
[WhiteElo "2398"]
[BlackElo "2419"]
[Annotator "TA"]
[PlyCount "49"]
[EventDate "2021.12.27"]
[EventCountry "BAN"]
[SourceTitle "playchess.com"]
[Source "ChessBase"]
[SourceQuality "1"]

{[%evp 12,49,26,34,46,24,19,26,21,21,35,0,7,0,0,0,0,-4,0,5,43,18,39,16,17,19,16,19,16,21,16,0,1,0,0,0,0,0,20,17]} 1. e4 d6 2. d4 Nf6 3. Nc3 e5 4. Nf3 Nbd7 5. Bc4 Be7 6. O-O O-O 7. a4 $1 {[%mdl 4] is currently scoring better than 7.Re1.} exd4 {C41: Philidor Defence.} 8. Qxd4 Nc5 9. h3 Be6 {[#] White has an edge.} 10. Re1 $146 ({Predecessor:} 10. Rd1 Nfd7 11. Bxe6 Nxe6 12. Qe3 c6 13. b3 Qc7 14. Bb2 Ne5 15. Ne2 Bf6 16. Nxe5 Bxe5 {½-½ (38) Hoang,T (2407)-Lubbe,M (2287) Chess.com INT 2020}) 10... Nfd7 {[#] ...Bf6 is the strong threat.} 11. Nd5 Bxd5 12. Bxd5 Bf6 13. Qd1 Re8 14. Ba2 {[%cal Bd5a2,Ba2b1,Bb1c2][%mdl 32]} a5 15. c3 Ne5 16. Nxe5 Bxe5 17. Bb1 (17. Be3 $5 {[%cal Rf2f4]}) 17... Qh4 {The position is equal.} 18. Bc2 Bf4 19. Bxf4 Qxf4 20. g3 Qf6 21. Qg4 Re7 22. Re3 g6 23. h4 Rae8 {[%cal Od6d5]} 24. Rae1 Qe6 25. Qxe6 {Weighted Error Value: White=0.05 (flawless) /Black=0.06 (flawless)} 1/2-1/2

[Event "46th BAN National Premier Chess-ch 2021"]
[Site "Dhaka"]
[Date "2022.01.03"]
[Round "7.7"]
[White "Mehdi, Hasan Parag"]
[Black "Mollah Abdullah, Al Rakib"]
[Result "1-0"]
[WhiteElo "2230"]
[BlackElo "2459"]
[Annotator "ChessBase"]
[PlyCount "93"]
[EventDate "2021.12.27"]
[EventCountry "BAN"]
[SourceTitle "playchess.com"]
[Source "ChessBase"]
[SourceQuality "1"]
[TimeControl "40/5400+30:1800+30"]

1. e4 {[%emt 0:00:10]} d6 {[%emt 0:01:25]} 2. d4 {[%emt 0:00:16]} Nc6 {[%emt 0:00:30]} 3. Nc3 {[%emt 0:01:43]} e5 {[%emt 0:00:57]} 4. Nge2 {[%emt 0:00:32]} g6 {[%emt 0:00:55]} 5. Be3 {[%emt 0:00:15]} Bg7 {[%emt 0:02:19]} 6. Qd2 {[%emt 0:01:26]} Nf6 {[%emt 0:03:55]} 7. f3 {[%emt 1:29:38]} d5 {[%emt 1:23:59]} 8. dxe5 {[%emt 0:00:00]} Nxe5 {[%emt 0:00:30]} 9. Nf4 {[%emt 0:01:00]} dxe4 {[%emt 0:00:00]} 10. Qxd8+ {[%emt 0:00:00]} Kxd8 {[%emt 0:00:00]} 11. O-O-O+ {[%emt 0:00:00]} Bd7 {[%emt 0:00:00]} 12. Nfd5 {[%emt 0:00:00]} Nxd5 13. Nxd5 f6 {[%emt 0:02:30]} 14. f4 {[%emt 0:02:30]} Nc6 {[%emt 0:00:00]} 15. Rd2 {[%emt 0:00:30]} Kc8 {[%emt 0:00:00]} 16. Bb5 {[%emt 0:00:00]} Re8 {[%emt 0:00:00]} 17. h3 {[%emt 0:00:00]} a6 {[%emt 0:00:00]} 18. Rhd1 {[%emt 0:00:00]} Be6 {[%emt 0:00:00]} 19. Bc4 {[%emt 0:00:00]} b5 {[%emt 0:00:00]} 20. Nxc7 {[%emt 0:00:00]} Kxc7 {[%emt 0:00:00]} 21. Bxe6 {[%emt 0:00:00]} Rxe6 {[%emt 0:00:00]} 22. Rd7+ {[%emt 0:00:00]} Kc8 {[%emt 0:00:00]} 23. Rxg7 {[%emt 0:00:00]} Re7 {[%emt 0:00:00]} 24. Rg8+ {[%emt 0:00:00]} Kb7 {[%emt 0:00:00]} 25. Rxa8 {[%emt 0:00:00]} Kxa8 {[%emt 0:00:00]} 26. Rd6 {[%emt 0:00:00]} Rc7 {[%emt 0:00:00]} 27. Rxf6 {[%emt 0:00:00]} Nb4 {[%emt 0:00:00]} 28. c3 {[%emt 0:00:00]} Nd3+ {[%emt 0:01:04]} 29. Kd2 {[%emt 0:00:00]} Nxb2 {[%emt 0:01:11]} 30. Rxa6+ {[%emt 0:00:00]} Kb8 {[%emt 0:00:42]} 31. Rb6+ {[%emt 0:00:00]} Rb7 {[%emt 0:00:11]} 32. Re6 {[%emt 0:00:00]} Nc4+ {[%emt 0:02:09]} 33. Ke2 {[%emt 0:00:00]} Nxe3 {[%emt 0:00:39]} 34. Kxe3 {[%emt 0:00:00]} Rc7 {[%emt 0:01:01]} 35. Rb6+ {[%emt 0:01:49]} Kc8 {[%emt 0:00:39]} 36. Rxb5 {[%emt 0:00:10]} Rxc3+ {[%emt 0:00:02]} 37. Kxe4 {[%emt 0:00:02]} Rc2 {[%emt 0:00:09]} 38. g4 {[%emt 0:00:31]} Re2+ {[%emt 0:01:15]} 39. Kd5 {[%emt 0:03:00]} Rxa2 {[%emt 0:00:05]} 40. Ke6 {[%emt 0:00:00]} Ra3 {[%emt 0:00:00]} 41. h4 {[%emt 0:07:21]} Rg3 {[%emt 0:02:45]} 42. Rg5 {[%emt 0:01:14]} Kd8 {[%emt 0:06:47]} 43. Kf7 {[%emt 0:00:40]} Rf3 {[%emt 0:00:30]} 44. Rd5+ {[%emt 0:00:34]} Kc7 {[%emt 0:00:06]} 45. f5 {[%emt 0:01:43]} Rf4 {[%emt 0:01:01]} 46. f6 {[%emt 0:00:40]} Rxg4 {[%emt 0:00:06]} 47. Kg7 {[%emt 0:00:43]} 1-0

[Event "46th BAN National Premier Chess-ch 2021"]
[Site "Dhaka"]
[Date "2022.01.04"]
[Round "8.1"]
[White "Manon, Reja Neer"]
[Black "Mollah Abdullah, Al Rakib"]
[Result "0-1"]
[WhiteElo "1989"]
[BlackElo "2459"]
[Annotator "ChessBase"]
[PlyCount "86"]
[EventDate "2021.12.27"]
[EventCountry "BAN"]
[SourceTitle "playchess.com"]
[Source "ChessBase"]
[SourceQuality "1"]
[TimeControl "40/5400+30:1800+30"]

1. e4 {[%emt 1:31:00]} e5 {[%emt 0:00:23]} 2. Nc3 {[%emt 0:00:00]} Nf6 {[%emt 0:00:47]} 3. g3 {[%emt 0:01:00]} Bc5 {[%emt 0:02:38]} 4. Bg2 {[%emt 0:00:00]} d6 {[%emt 0:00:23]} 5. Nge2 {[%emt 0:00:00]} Nc6 {[%emt 0:01:22]} 6. d3 {[%emt 0:01:30]} Ng4 {[%emt 0:22:34]} 7. O-O {[%emt 0:00:00]} h5 {[%emt 1:05:53]} 8. Na4 {[%emt 0:01:00]} Bxf2+ {[%emt 0:00:30]} 9. Rxf2 {[%emt 0:00:00]} Nxf2 {[%emt 0:00:00]} 10. Kxf2 {[%emt 0:00:00]} h4 {[%emt 0:01:00]} 11. Be3 {[%emt 0:01:30]} Bg4 {[%emt 0:00:30]} 12. Qg1 {[%emt 0:00:30]} hxg3+ {[%emt 0:00:30]} 13. hxg3 {[%emt 0:00:30]} Nb4 {[%emt 0:00:30]} 14. Rc1 {[%emt 0:00:00]} Nxa2 {[%emt 0:00:00]} 15. Rd1 {[%emt 0:01:00]} Qd7 {[%emt 0:00:00]} 16. Nac3 {[%emt 0:00:00]} Nxc3 {[%emt 0:00:00]} 17. bxc3 {[%emt 0:00:00]} a5 {[%emt 0:02:00]} 18. c4 {[%emt 0:01:30]} a4 {[%emt 0:00:30]} 19. Ra1 {[%emt 0:00:30]} b5 {[%emt 0:00:30]} 20. Nc3 {[%emt 0:00:30]} bxc4 {[%emt 0:00:00]} 21. dxc4 {[%emt 0:00:30]} Be6 {[%emt 0:01:00]} 22. Bf1 {[%emt 0:00:30]} f5 {[%emt 0:00:30]} 23. exf5 {[%emt 0:00:00]} Bxf5 {[%emt 0:00:30]} 24. Bg2 {[%emt 0:01:00]} Qf7 {[%emt 0:00:30]} 25. Bxa8 {[%emt 0:00:00]} Be4+ {[%emt 0:00:30]} 26. Ke2 {[%emt 0:01:00]} Bxa8 {[%emt 0:00:00]} 27. Qf2 {[%emt 0:00:30]} Qxc4+ {[%emt 0:00:00]} 28. Kd2 {[%emt 0:00:30]} Bc6 {[%emt 0:01:30]} 29. Rb1 {[%emt 0:00:00]} Ke7 {[%emt 0:00:00]} 30. Bg5+ {[%emt 0:00:25]} Ke6 {[%emt 0:00:00]} 31. Rf1 {[%emt 0:00:29]} Qd4+ {[%emt 0:00:00]} 32. Qxd4 {[%emt 0:00:05]} exd4 {[%emt 0:00:00]} 33. Ne2 {[%emt 0:01:31]} Rh2 {[%emt 0:00:00]} 34. Kd1 {[%emt 0:00:30]} Rxe2 {[%emt 0:01:18]} 35. Kxe2 {[%emt 0:00:00]} Bb5+ {[%emt 0:00:01]} 36. Kf2 {[%emt 0:00:00]} Bxf1 {[%emt 0:00:01]} 37. Kxf1 {[%emt 0:00:00]} a3 {[%emt 0:00:13]} 38. Bc1 {[%emt 0:00:00]} a2 {[%emt 0:00:01]} 39. Bb2 {[%emt 0:00:01]} Kd5 {[%emt 0:03:56]} 40. c3 {[%emt 0:02:59]} dxc3 {[%emt 0:00:30]} 41. Bxc3 {[%emt 0:30:30]} g5 {[%emt 0:30:30]} 42. Ke2 {[%emt 0:00:30]} Ke4 {[%emt 0:00:30]} 43. Kd2 {[%emt 0:00:00]} d5 {[%emt 0:00:00]} 0-1